000 00585nam a2200229Ia 4500
003 OSt
005 20220928103517.0
006 a|||||r|||| 00| 0
007 ta
008 220927b |||||||| |||| 00| 0 eng d
024 _a59058
037 _cTextual
040 _aSDCL
_cSDCL
_beng
041 _2eng
_aeng
082 _aR64,193, M8
100 _aDas Ramprakash
_9404857
245 0 _aMimasha pramey.
260 _aNew Delhi
_bSukriti Prakashan
_c1988
300 _a222p
_ccm.
942 _hR64,193, M8
_cTEXL
_2CC
999 _c720549
_d720549